000
00302nam a22001337a 4500
008
181220b xxu||||| |||| 00| 0 eng d
020
_a
061411523
041
_a
eng
080
_a
611
100
_a
7
101
_a
ANA
245
_a
An Atlas of Cross-Sectional Anatomy
_c
Kieffer,S.A
942
_2
udc
_c
BK
999
_c
53575
_d
53575